L'Algérie en quelques chiffres (notice nᵒ 17658)
[ vue normale ]
| 000 -LEADER | |
|---|---|
| fixed length control field | 00602nam a2200181Ia 4500 |
| 005 - DATE AND TIME OF LATEST TRANSACTION | |
| control field | 20200123105516.0 |
| 020 ## - ISBN | |
| ISBN | 9961-79-207-6 |
| 037 ## - SOURCE D'ACQUISITION | |
| Cote | BC_662 38 |
| 040 ## - SOURCE DU CATALOGAGE | |
| Origine cataloguage | BC-ENSA |
| Langue du catalogage | fre |
| 041 ## - CODE DE LANGUE | |
| Langue | Français |
| 110 ## - AUTEUR MORAL | |
| Nom de collectivité | Office national des statistiques |
| 245 ## - MENTION DU TITRE | |
| Titre | L'Algérie en quelques chiffres |
| 260 ## - PUBLICATION, DIFFUSION, ETC. (ADRESSE BIBLIOGRAPHIQUE) | |
| Lieu d'édition | Alger |
| Nom de l'éditeur | ONS |
| Année d'édition | 2003 |
| 300 ## - DESCRIPTION MATÉRIELLE | |
| Nombre de pages | 76 p. |
| Illustration | couv. ill. en coul., graph., tabl. |
| Format | 21cm |
| 562 ## - NOTE D'IDENTIFICATION DES EXEMPLAIRES ET VERSIONS | |
| Numbre d' exemplaire | 01 exemplaire(s) |
| 942 ## - ADDED ENTRY ELEMENTS (KOHA) | |
| Type document | Ouvrage |
| 653 ## - DESCRIPTEUR LIBRE | |
| Mots clés libres | DONNEE STATISTIQUE/ALGERIE/HABITAT/SANTE PUBLIQUE/INDUSTRIE/EMPLOI/ENSEIGNEMENT/AGRICULTURE/TRANSPORT/COMMERCE EXTERIEUR/COMPTABILITE NATIONALE |
| statut de retrait | Statut | emplacement permanent | Localisation actuelle | Cote | code à barre | Koha type d'élément |
|---|---|---|---|---|---|---|
| Bibliothèque Centrale | Bibliothèque Centrale | BC_662 38 | BC_662 38 | Ouvrage |